000
00336nam a22001457a 4500
008
221206b ||||| |||| 00| 0 eng d
020
_a
978145575668
041
_a
eng
080
_2
20EDITION
_a
616.053
082
_a
616.053KLI
100
_a
14.2
101
_a
PEDI
245
_a
TEXTBOOL OF PEDIATRICS
_c
KLIGEMAN
942
_2
udc
_c
BK
999
_c
59115
_d
59115